书目信息 |
| 题名: |
舞蹈美育原理与教程
|
|
| 作者: | 资华筠 , 刘青弋 主编 | |
| 分册: | ||
| 出版信息: | 上海 上海音乐出版社 2006.06 |
|
| 页数: | 172页 | |
| 开本: | 24cm | |
| 丛书名: | ||
| 单 册: | ||
| 中图分类: | J7-4 | |
| 科图分类: | ||
| 主题词: | 舞蹈--wu dao--教育学--教材 | |
| 电子资源: | ||
| ISBN: | 7-80667-791-7 | |
| 000 | 00832nam0 2200229 450 | |
| 001 | 012006141859 | |
| 005 | 20061127104822.09 | |
| 010 | @a7-80667-791-7@dCNY26.00 | |
| 100 | @a20061027d2006 km y0chiy0120 ea | |
| 101 | 0 | @achi |
| 102 | @aCN@b310000 | |
| 105 | @aa z 000yy | |
| 200 | 1 | @a舞蹈美育原理与教程@Awu dao mei yu yuan li yu jiao cheng@f资华筠, 刘青弋主编@Fzi hua jun,liu qing yi zhu bian |
| 210 | @a上海@c上海音乐出版社@d2006.06 | |
| 215 | @a172页@c图@d24cm | |
| 330 | @a本书将舞蹈美育的科学原理与系统方法相结合予以深入浅出的阐释,内容包括:舞蹈教育的历史回眸、舞蹈美育与生理健康、舞蹈美育与心理发展、舞蹈美育实施的方法。 | |
| 606 | 0 | @a舞蹈@Awu dao@x教育学@j教材 |
| 690 | @aJ7-4@v4 | |
| 701 | 0 | @a资华筠@Azi hua jun@4主编 |
| 701 | 0 | @a刘青弋@Aliu qing yi@4主编 |
| 801 | 0 | @aCN@c20061127 |
| 905 | @a10447@dJ7-4@eZ949 | |
| 舞蹈美育原理与教程/资华筠, 刘青弋主编.-上海:上海音乐出版社,2006.06 |
| 172页:图;24cm |
| ISBN 7-80667-791-7:CNY26.00 |
| 本书将舞蹈美育的科学原理与系统方法相结合予以深入浅出的阐释,内容包括:舞蹈教育的历史回眸、舞蹈美育与生理健康、舞蹈美育与心理发展、舞蹈美育实施的方法。 |
| ● |
| 相关链接 |
|
|
|
正题名:舞蹈美育原理与教程
索取号:J7-4/Z949
 
预约/预借
| 序号 | 登录号 | 条形码 | 馆藏地/架位号 | 状态 | 备注 |
| 1 | 224277 | 202242778 | 社科库309/309社科库 95排1列2层/ [索取号:J7-4/Z949] | 在馆 | |
| 2 | 224278 | 202242787 | 社科库309/309社科库 95排1列2层/ [索取号:J7-4/Z949] | 在馆 | |
| 3 | 224279 | 202242796 | 社科库309/309社科库 95排1列2层/ [索取号:J7-4/Z949] | 在馆 |